000 00486nam a2200193 a 4500
001 1769940912858
003 YourLibrary
005 20260201163840.0
008 260201s2010##################000#0#eng##
020 _a9780060926656
082 0 4 _a305.235
_bGRE
100 1 _aGreenfeld, Karl Taro,
_eauthor.
245 1 0 _aSpeed Tribes :
260 _bHarper Collins,
_c2010.
300 _a308 pages
650 0 _aHistory.
942 _cENGLISH
040 _aYourLibrary
_beng
_cYourLibrary
999 _c609785
_d609785